Диоксины и диоксиноподобные соединения (Запись № 702950)

Подробности
000 -МАРКЕР
контрольное поле 01874nam0a2200385 4500
001 - ИДЕНТИФИКАТОР ЗАПИСИ
контрольное поле RU\NLR\bibl\731048
005 - ИДЕНТИФИКАТОР ВЕРСИИ
контрольное поле 20260405070812.0
010 ## - МЕЖДУНАРОДНЫЙ СТАНДАРТНЫЙ НОМЕР КНИГИ (ISBN)
Номер (ISBN) 5-94808-132-Х
Тираж 500
035 ## - ДРУГИЕ СИСТЕМНЫЕ НОМЕРА
Идентификатор записи (NLR Aleph) 000721009
100 ## - ДАННЫЕ ОБЩЕЙ ОБРАБОТКИ
Данные общей обработки 20050303d2004 |||y0rusy50 ca
101 0# - ЯЗЫК РЕСУРСА
Язык текста, звукозаписи и т.д. русский
Язык резюме английский
102 ## - СТРАНА ПУБЛИКАЦИИ ИЛИ ПРОИЗВОДСТВА
Страна публикации Российская Федерация
105 ## - ПОЛЕ КОДИРОВАННЫХ ДАННЫХ: ТЕКСТОВЫЕ МАТЕРИАЛЫ, МОНОГРАФИЧЕСКИЕ
Кодированные данные о монографическом текстовом документе a |||||||||
200 1# - ЗАГЛАВИЕ И СВЕДЕНИЯ ОБ ОТВЕТСТВЕННОСТИ
Основное заглавие Диоксины и диоксиноподобные соединения
Параллельное заглавие Dioxins and dioxin-like compounds
Сведения, относящиеся к заглавию пути образования, свойства, способы деструкции
-- монография
Первые сведения об ответственности В.П. Ившин, Р.В. Полушин
Последующие сведения об ответственности М-во образования и науки Рос. Федерации, Марийс. гос. ун-т
Язык параллельного заглавия английский
210 ## - ПУБЛИКАЦИЯ, РАСПРОСТРАНЕНИЕ И ДР.
Место издания, распространения и т.д. Йошкар-Ола
Имя издателя, распространителя и т. д. Марийс. гос. ун-т
Дата издания, распространения и т.д. 2004
215 ## - ФИЗИЧЕСКАЯ ХАРАКТЕРИСТИКА
Специфическое обозначение материала и объем 315 с.
Другие сведения о физической характеристике ил.
Размеры 20
300 ## - ОБЩИЕ ПРИМЕЧАНИЯ
Текст примечания Авт. также на англ. яз.: V.P. Ivshin, R.V. Polushin
300 ## - ОБЩИЕ ПРИМЕЧАНИЯ
Текст примечания Рез. на англ. яз.
320 ## - ПРИМЕЧАНИЯ О НАЛИЧИИ В ДОКУМЕНТЕ БИБЛИОГРАФИИ / УКАЗАТЕЛЯ
Текст примечания Библиогр.: с. 6-7 (23 назв.) и в конце глав
510 0# - ПАРАЛЛЕЛЬНОЕ ЗАГЛАВИЕ
Связь между полями z55790
Параллельное заглавие Dioxins and dioxin-like compounds
Язык заглавия английский
606 0# - НАИМЕНОВАНИЕ ТЕМЫ КАК ПРЕДМЕТ
Наименование темы Диоксины
Тематический подзаголовок Токсичность
Системный номер авторитетной/нормативной записи 976562
Идентификатор авторитетной/нормативной записи RU\NLR\auth\66367112
606 0# - НАИМЕНОВАНИЕ ТЕМЫ КАК ПРЕДМЕТ
Наименование темы Окружающая среда
Тематический подзаголовок Загрязнение диоксинами
Системный номер авторитетной/нормативной записи 976521
Идентификатор авторитетной/нормативной записи RU\NLR\auth\66367096
686 ## - ИНДЕКСЫ ДРУГИХ КЛАССИФИКАЦИЙ
Индекс Р121.102.6
686 ## - ИНДЕКСЫ ДРУГИХ КЛАССИФИКАЦИЙ
Индекс Р284.6
700 #1 - ИМЯ ЛИЦА - ПЕРВИЧНАЯ ОТВЕТСТВЕННОСТЬ
Начальный элемент ввода Ившин
Часть имени, кроме начального элемента ввода В. П.
Расширение инициалов личного имени Виктор Павлович
Код отношения Автор
701 #1 - ИМЯ ЛИЦА - АЛЬТЕРНАТИВНАЯ ОТВЕТСТВЕННОСТЬ
Начальный элемент ввода Полушин
Часть имени, кроме начального элемента ввода Р. В.
Расширение инициалов личного имени Роман Викторович
Код отношения Автор
790 #1 - ИМЯ ЛИЦА - АЛЬТЕРНАТИВНАЯ ФОРМА
Код отношения Автор
Материалы, к которым относится поле rus
Графика поля Латинская
Начальный элемент ввода Ivšin
Часть имени, кроме начального элемента ввода V. P.
Даты 1941-
Расширение инициалов личного имени Viktor Pavlovič
Идентификатор авторитетной/нормативной записи RU\NLR\auth\7724065
Системный номер авторитетной/нормативной записи 7117
790 #1 - ИМЯ ЛИЦА - АЛЬТЕРНАТИВНАЯ ФОРМА
Код отношения Автор
Материалы, к которым относится поле rus
Графика поля Латинская
Начальный элемент ввода Polušin
Часть имени, кроме начального элемента ввода R. V.
Расширение инициалов личного имени Roman Viktorovič
Идентификатор авторитетной/нормативной записи RU\NLR\auth\7724068
Системный номер авторитетной/нормативной записи 7120
801 #0 - ИСТОЧНИК ЗАПИСИ
Страна Российская Федерация
Организация NLR
Дата составления 20050303
Правила каталогизации PSBO
801 #1 - ИСТОЧНИК ЗАПИСИ
Страна Российская Федерация
Организация NLR
Дата составления 20050303
830 ## - ОБЩЕЕ ПРИМЕЧАНИЕ, СОСТАВЛЕННОЕ КАТАЛОГИЗАТОРОМ
Текст примечания авт. по кн.
942 ## - ДОПОЛНИТЕЛЬНЫЕ ЭЛЕМЕНТЫ ЗАПИСИ (АБИС)
Тип экземпляра АБИС Книга
980 ## - КОЛЛЕКЦИЯ
Название коллекции Национальная библиография
Экземпляры
Тип экземпляра Дата поступления Источник поступления Библиотека постоянного хранения Библиотека текущего хранения Место хранения Шифр хранения Штрих-код Статус экземпляра
Книга 03.03.2005 Дар РНБ (Московский) РНБ (Московский) Русский книжный фонд: издания с 1957 года 2005-3/4076 1-3460137